00416nam a2200157Ia 45000010006000000050017000060080041000230410008000640820015000721000023000872450087001102600009001973000036002066500008002426540008002501881520260306171658.0260306s9999||||xx |||||||||||||| ||und|| aESP a658.5bL92 aLong, DouglaseAUT 0aLogística internacional:badministración de la cadena de abastecimiento global c2013 axxviii, 474 páginas :c23 cm. aGEN aCAN